000 00617nam a2200205 a 4500
001 BRCA_1698
005 20190320203519.0
008 920512s1991 mx-a---###---#000-0#spa-#
020 _a9686084460
040 _aDLC
_cDLC
_dDLC
050 4 _aF1391.03
_b.O78 1991
100 1 _aOrtiz Lajous, Jaime
_93911
245 1 0 _aOaxaca
_btesoros de la alta mixteca
_cJaime Ortíz Lajous.
260 _aMéxico
_bGrupo Azabache
_c1991
300 _a150 p.
_bil. a color
_c30 cm.
500 _aIncluye glosario
504 _aBibliografía: p. 150
650 1 4 _aArte y simbolismo cristianos
_zOaxaca, México
_95308
942 _2lcc
_cB
999 _c1489
_d1489